000 01448cam a2200337 4500
001 L135416
008 061025n2006 000 0 eng u
020 _a0421928204
_a9780421928206
035 _a(Sirsi) u135416
041 0 _aeng
050 0 4 _a346.41043 $2 18
100 1 _aChang, Chris
245 0 0 _aLand law
260 _aLondon
_bSweet and Maxwell
_c2006
300 _axxiv, 209p.
_c22cm.
350 _a7.50
490 _aSweet and Maxwell Nutcases
505 2 _aThe meaning of land -- Protection of interests in land -- Formal and informal methods of acquisitions of interest in land -- Co-ownership -- Strict settlements and trusts of land -- Leases -- Licences -- Mortgages -- Easement -- Freehold covenants
520 _aDiscusses the key principles of the law with regards to the ownership, financing, registration and leasing of property. Provides cases and statutes relevant to various areas of land law. Discusses contract and conveyance, adverse possession and proprietary estoppel.
590 _aKA
650 2 4 _aLAW OF PROPERTY ACT 1925
650 2 4 _aLAND REGISTRATION ACT 2002
650 2 4 _aCONTRACT (RIGHTS OF THIRD PARTIES) ACT 1999
650 2 4 _aLANDLORD AND TENANT (COVENANTS) ACT 1995
650 2 4 _aTRUSTS OF LAND AND APPOINTMENT OF TRUSTEES ACT 1996
650 2 4 _aLAND REGISTRATION ACT 1925
651 4 _aEngland and Wales
_y1543-
690 _aPROPERTY
700 1 _aWeldon, John
942 _n0
999 _c106050
_d106050